[Event "Wch U16"]
[Site "Montevideo"]
[Date "2017.09.25"]
[Round "10"]
[White "Romero Guimaray, Diego"]
[Black "Silva, Lucas"]
[Result "1-0"]
[WhiteElo "1940"]
[BlackElo "2071"]
[PlyCount "105"]
[EventDate "2017.09.17"]
[EventType "swiss"]
[EventRounds "11"]
[EventCountry "URU"]
[SourceTitle "EXT 2018"]
[Source "ChessBase"]
[SourceDate "2017.10.13"]
[SourceVersion "1"]
[SourceVersionDate "2017.10.13"]
[SourceQuality "1"]

1. d4 Nf6 2. Bg5 e6 3. e4 d5 4. Bxf6 Qxf6 5. e5 Qd8 6. f4 c5 7. c3 Qb6 8. Qb3 cxd4 9. Qxb6 axb6 10. Bb5+ Bd7 11. Bxd7+ Kxd7 12. cxd4 Nc6 13. Ne2 Nb4 14. Kd2 Rxa2 15. Rxa2 Nxa2 16. Nbc3 Nxc3 17. Nxc3 Bb4 18. Ra1 Rc8 19. Kd3 Bxc3 20. bxc3 h5 21. Ra2 b5 22. Rb2 Kc6 23. Rf2 g6 24. Ra2 Rc7 25. h3 Kb6 26. g4 hxg4 27. hxg4 b4 28. cxb4 Kb5 29. Rb2 Rc4 30. Rh2 Rc7 31. Rh7 Kxb4 32. f5 gxf5 33. gxf5 exf5 34. e6 Rc3+ 35. Kd2 fxe6 36. Rxb7+ Kc4 37. Rc7+ Kxd4 38. Rxc3 f4 39. Rd3+ Ke4 40. Ke2 e5 41. Rf3 Kf5 42. Rh3 Ke4 43. Rd3 d4 44. Ra3 Kf5 45. Ra5 Ke4 46. Rb5 f3+ 47. Kf2 Kf4 48. Rd5 Ke4 49. Rd8 Kd3 50. Kxf3 e4+ 51. Kf2 e3+ 52. Ke1 Ke4 53. Ke2 1-0

[Event "Wch U16"]
[Site "Montevideo"]
[Date "2017.09.22"]
[Round "7"]
[White "Romero Guimaray, Diego"]
[Black "Suarez, Pedro Martin"]
[Result "1/2-1/2"]
[WhiteElo "1940"]
[BlackElo "1684"]
[PlyCount "120"]
[EventDate "2017.09.17"]
[EventType "swiss"]
[EventRounds "11"]
[EventCountry "URU"]
[SourceTitle "CBM 180 Extra"]
[Source "ChessBase"]
[SourceDate "2017.10.06"]
[SourceVersion "1"]
[SourceVersionDate "2017.10.06"]
[SourceQuality "1"]

1. e4 d6 2. d4 Nf6 3. Nc3 Nbd7 4. Nf3 e5 5. Bc4 Be7 6. 0-0 0-0 7. Re1 c6 8. a4 b6 9. h3 Qc7 10. Ba2 Bb7 11. dxe5 dxe5 12. Nh4 Rfe8 13. Nf5 Bf8 14. Qf3 Nc5 15. Nh6+ gxh6 16. Qxf6 Bg7 17. Qh4 Qe7 18. Qh5 Qf6 19. Re3 Qg6 20. Qe2 Ne6 21. Rg3 Qf6 22. Bxe6 Rxe6 23. Be3 Qe7 24. Rd1 Rd8 25. Rxd8+ Qxd8 26. Qh5 Qd6 27. Bc1 Ba6 28. Qd1 Rg6 29. Kh2 Qd4 30. Be3 Qxd1 31. Nxd1 Bf8 32. a5 bxa5 33. Bxa7 Bb4 34. Ne3 Bd2 35. Rf3 Be2 36. Rf5 Rg5 37. h4 Rxf5 38. Nxf5 Bc1 39. Ne7+ Kg7 40. b3 Bd1 41. Nxc6 Bxc2 42. Nxa5 Bxe4 43. Nc4 Bd5 44. g3 f6 45. Kg1 Kf7 46. Kf1 Ke6 47. Ke2 h5 48. Be3 Bxc4+ 49. bxc4 Ba3 50. Kd3 f5 51. Kc3 Be7 52. f3 Kd6 53. Bf2 Kc6 54. Kd3 Bc5 55. Be1 Bg1 56. Bc3 Kd6 57. Bb4+ Bc5 58. Bd2 Bf2 59. Bg5 Bxg3 60. Bf6 Kc5 1/2-1/2

[Event "Wch U16"]
[Site "Montevideo"]
[Date "2017.09.19"]
[Round "4"]
[White "Petriashvili, Nikoloz"]
[Black "Romero Guimaray, Diego"]
[Result "1-0"]
[WhiteElo "2246"]
[BlackElo "1940"]
[PlyCount "119"]
[EventDate "2017.09.17"]
[EventType "swiss"]
[EventRounds "11"]
[EventCountry "URU"]
[SourceTitle "CBM 180 Extra"]
[Source "ChessBase"]
[SourceDate "2017.10.06"]
[SourceVersion "1"]
[SourceVersionDate "2017.10.06"]
[SourceQuality "1"]

1. c4 Nf6 2. Nc3 g6 3. g3 Bg7 4. Bg2 0-0 5. e4 d6 6. Nge2 c5 7. 0-0 Nc6 8. d3 Rb8 9. a3 a6 10. Rb1 b5 11. cxb5 axb5 12. b4 cxb4 13. axb4 e5 14. h3 Qc7 15. Bg5 Nd4 16. Rc1 Nxe2+ 17. Qxe2 Qa7 18. Ra1 Qd7 19. Ra5 h6 20. Be3 Bb7 21. Qd2 Rfc8 22. Nxb5 Bxe4 23. dxe4 Rxb5 24. Rxb5 Qxb5 25. Qxd6 Rb8 26. Rb1 Ne8 27. Qd5 Bf8 28. Qxb5 Rxb5 29. Bd2 Nd6 30. Bf1 Rb7 31. Bd3 Nb5 32. Bxb5 Rxb5 33. Kf1 f5 34. f3 Kf7 35. Ke2 Ke6 36. Kd3 Rb8 37. b5 Rd8+ 38. Ke2 Kd7 39. Ba5 Ra8 40. Rd1+ Ke6 41. Bc7 Ra2+ 42. Rd2 Rxd2+ 43. Kxd2 Bd6 44. Bb6 Bb4+ 45. Kd3 Be1 46. g4 fxg4 47. fxg4 h5 48. Be3 Kd6 49. Kc4 hxg4 50. hxg4 Bh4 51. Bc5+ Kc7 52. Kd5 Bg3 53. Ke6 g5 54. Ke7 Bf4 55. Ke6 Kb7 56. Kf5 Kc7 57. Be7 Kb6 58. Bxg5 Bg3 59. Bf6 Kxb5 60. g5 1-0

[Event "PER-ch"]
[Site "Lima"]
[Date "2017.03.03"]
[Round "6"]
[White "Cuellar, Diego"]
[Black "Romero Guimaray, Diego"]
[Result "1-0"]
[WhiteElo "2346"]
[BlackElo "1898"]
[PlyCount "81"]
[EventDate "2017.03.01"]
[EventType "swiss"]
[EventRounds "9"]
[EventCountry "PER"]
[SourceTitle "CBM 177 Extra"]
[Source "ChessBase"]
[SourceDate "2017.04.27"]
[SourceVersion "1"]
[SourceVersionDate "2017.04.27"]
[SourceQuality "1"]

1. e4 Nc6 2. Nf3 g6 3. d4 d6 4. c3 Bg7 5. Bc4 Nf6 6. Qe2 0-0 7. 0-0 a6 8. e5 Ne8 9. h3 d5 10. Bb3 Na5 11. Bc2 Bd7 12. Re1 Qc8 13. Nbd2 Bb5 14. Qd1 f5 15. a4 Bd7 16. b4 Nc6 17. Nb3 Be6 18. Qe2 h6 19. h4 a5 20. b5 Nd8 21. Nc5 b6 22. Nxe6 Nxe6 23. Bb3 c6 24. c4 cxb5 25. axb5 Kh7 26. h5 g5 27. cxd5 Qc3 28. Ra3 Nxd4 29. Nxd4 Qxd4 30. Ra4 Qc3 31. Bc4 Qd4 32. Bb3 Qc3 33. Bc4 Qd4 34. Bb2 Qh4 35. d6 e6 36. g3 Qe4 37. Qd1 Qg4 38. Qxg4 fxg4 39. Ba3 Bh8 40. Bxe6 Ng7 41. Bxg4 1-0

[Event "PER-ch"]
[Site "Lima"]
[Date "2017.03.02"]
[Round "4"]
[White "Romero Guimaray, Diego"]
[Black "Delgado Romero, Marco"]
[Result "1-0"]
[WhiteElo "1898"]
[BlackElo "2186"]
[PlyCount "81"]
[EventDate "2017.03.01"]
[EventType "swiss"]
[EventRounds "9"]
[EventCountry "PER"]
[SourceTitle "CBM 177 Extra"]
[Source "ChessBase"]
[SourceDate "2017.04.27"]
[SourceVersion "1"]
[SourceVersionDate "2017.04.27"]
[SourceQuality "1"]

1. e4 c5 2. Nf3 d6 3. d4 cxd4 4. Nxd4 Nf6 5. Nc3 g6 6. f4 Nc6 7. Nxc6 bxc6 8. e5 dxe5 9. Qxd8+ Kxd8 10. fxe5 Ng4 11. Bf4 Bg7 12. 0-0-0+ Ke8 13. Nb5 f5 14. Nc7+ Kf7 15. Bc4+ e6 16. Nxa8 Nf2 17. Rhf1 Nxd1 18. Rxd1 g5 19. Bxg5 Bxe5 20. g3 Rg8 21. Be3 Bb8 22. Bc5 f4 23. Bd6 Bxd6 24. Rxd6 fxg3 25. hxg3 Ke7 26. Rxc6 Bd7 27. Rc7 Kd6 28. Rxa7 Rxg3 29. Nb6 Bc6 30. Rxh7 e5 31. b4 e4 32. Bb3 Ke5 33. b5 Bxb5 34. Rh5+ Kf4 35. Rxb5 e3 36. Nd5+ Kf3 37. Nxe3 Kxe3 38. Rd5 Ke4 39. a4 Rg6 40. Kb2 Ra6 41. a5 1-0

[Event "PER-ch U20"]
[Site "Lima"]
[Date "2016.04.23"]
[Round "8"]
[White "Zena Mera, Gianpierre"]
[Black "Romero Guimaray, Diego"]
[Result "1/2-1/2"]
[WhiteElo "1648"]
[BlackElo "1779"]
[PlyCount "47"]
[EventDate "2016.04.20"]
[EventType "swiss"]
[EventRounds "9"]
[EventCountry "PER"]
[SourceTitle "CBM 172 Extra"]
[Source "ChessBase"]
[SourceDate "2016.06.21"]
[SourceVersion "1"]
[SourceVersionDate "2016.06.21"]
[SourceQuality "1"]

1. e4 d5 2. exd5 Nf6 3. Nf3 Nxd5 4. d4 Bg4 5. Be2 e6 6. c4 Nb6 7. 0-0 Nc6 8. Nbd2 Be7 9. Ne5 Bxe2 10. Qxe2 Nxd4 11. Qe4 Bf6 12. Nb3 Nxb3 13. axb3 0-0 14. Ng4 c6 15. Ra5 Nd5 16. cxd5 Qxa5 17. Nxf6+ gxf6 18. Bh6 Kh8 19. Bxf8 Rxf8 20. dxc6 bxc6 21. Qxc6 Rd8 22. h3 Qb6 23. Qc3 Qd4 24. Rc1 1/2-1/2

[Event "PER-ch U20"]
[Site "Lima"]
[Date "2016.04.21"]
[Round "4"]
[White "Escalante Ramirez, Brian Sebastian"]
[Black "Romero Guimaray, Diego"]
[Result "1-0"]
[WhiteElo "2331"]
[BlackElo "1779"]
[PlyCount "54"]
[EventDate "2016.04.20"]
[EventType "swiss"]
[EventRounds "9"]
[EventCountry "PER"]
[SourceTitle "CBM 172 Extra"]
[Source "ChessBase"]
[SourceDate "2016.06.21"]
[SourceVersion "1"]
[SourceVersionDate "2016.06.21"]
[SourceQuality "1"]

1. e4 d6 2. d4 Nf6 3. Bd3 g6 4. c3 Bg7 5. f4 e5 6. Nf3 exf4 7. Bxf4 h6 8. 0-0 0-0 9. Nbd2 Re8 10. Qb3 g5 11. Bg3 Nc6 12. e5 dxe5 13. Nxe5 Nxe5 14. Bxe5 Rxe5 15. dxe5 Be6 16. Bc4 Nd5 17. Nf3 b5 18. Bxd5 Bxd5 19. Qxb5 g4 20. Nd4 Bxe5 21. Nf5 c6 22. Qe2 Qc7 23. Qxg4+ Kh7 24. Qh4 Qb6+ 25. Rf2 c5 26. c4 Bb7 27. Nxh6 Bd4 1-0

[Event "PER-ch U20"]
[Site "Lima"]
[Date "2016.04.20"]
[Round "1"]
[White "Romero Guimaray, Diego"]
[Black "Quirhuayo Chumbe, German Gonzalo"]
[Result "0-1"]
[WhiteElo "1779"]
[BlackElo "2220"]
[PlyCount "136"]
[EventDate "2016.04.20"]
[EventType "swiss"]
[EventRounds "9"]
[EventCountry "PER"]
[SourceTitle "CBM 172 Extra"]
[Source "ChessBase"]
[SourceDate "2016.06.21"]
[SourceVersion "1"]
[SourceVersionDate "2016.06.21"]
[SourceQuality "1"]

1. e4 c5 2. Nf3 Nc6 3. Bb5 g6 4. c3 Bg7 5. 0-0 Nf6 6. Re1 0-0 7. d4 d5 8. exd5 Qxd5 9. Bxc6 Qxc6 10. Ne5 Qd5 11. dxc5 Qxc5 12. Qf3 Bf5 13. Nd2 Rad8 14. Nb3 Qc8 15. Nd4 Be6 16. Nxe6 Qxe6 17. Bg5 Qb6 18. Re2 h6 19. Be3 Qa6 20. h3 Nd7 21. Ng4 Kh7 22. Bd4 h5 23. Ne5 Nxe5 24. Bxe5 f6 25. Bd4 e5 26. Bc5 Rd3 27. Re3 Rfd8 28. Rxd3 Rxd3 29. Be3 f5 30. Qe2 b6 31. Bg5 e4 32. a3 Qa4 33. f3 Qb5 34. fxe4 fxe4 35. Qxe4 Qxb2 36. Rf1 Qxc3 37. Rf7 Rd1+ 38. Kh2 Re1 39. Qf4 Kg8 40. Bf6 Bxf6 41. Rxf6 Qe5 42. Rxg6+ Kh7 43. Qxe5 Rxe5 44. Rg3 Re4 45. Kg1 h4 46. Rf3 Kg6 47. Kf1 Kg5 48. Kg1 b5 49. Rb3 a6 50. Kf2 Rf4+ 51. Ke3 Kf5 52. Rc3 Rc4 53. Rd3 Ke5 54. Rb3 Re4+ 55. Kd3 Kd5 56. Rb2 Ra4 57. Rb3 Kc5 58. Rc3+ Rc4 59. Rb3 a5 60. Kd2 Rd4+ 61. Kc2 Rf4 62. g3 Rf2+ 63. Kb1 a4 64. Rd3 Kc4 65. Re3 Kd4 66. Re7 hxg3 67. Rg7 g2 68. Rg4+ Ke3 0-1

[Event "Lima Peru Chess"]
[Site "Lima"]
[Date "2014.01.28"]
[Round "1"]
[White "Romero Guimaray, Diego"]
[Black "Perez, Christopher"]
[Result "1-0"]
[WhiteElo "1631"]
[BlackElo "1820"]
[PlyCount "73"]
[EventDate "2014.01.28"]
[EventType "tourn"]
[EventRounds "11"]
[EventCountry "PER"]
[SourceTitle "EXT 2018"]
[Source "ChessBase"]
[SourceDate "2017.10.13"]
[SourceVersion "1"]
[SourceVersionDate "2017.10.13"]
[SourceQuality "1"]

1. e4 c6 2. d4 d5 3. exd5 cxd5 4. Bd3 Nc6 5. c3 Nf6 6. Nf3 Bg4 7. Bf4 e6 8. Nbd2 Bd6 9. Bxd6 Qxd6 10. 0-0 0-0 11. h3 Bxf3 12. Nxf3 a6 13. Re1 b5 14. Ne5 Rfc8 15. g4 b4 16. g5 Ne4 17. Bxe4 dxe4 18. Nc4 Qc7 19. Rxe4 bxc3 20. bxc3 Ne7 21. Ne5 Qxc3 22. Re3 Qb4 23. Rb3 Qd6 24. Rb7 Rc7 25. Rxc7 Qxc7 26. Nxf7 Qf4 27. Ne5 Qxg5+ 28. Qg4 Qxg4+ 29. hxg4 Rb8 30. Rc1 h6 31. Rc7 Nd5 32. Ra7 Rb6 33. Nd7 Rd6 34. Ra8+ Kh7 35. Nf8+ Kg8 36. Nxe6+ Kh7 37. Rd8 1-0